1408 1374 1217 1342 1821 1559 1202 1189 1718 1968 1299 1421 1156 1816 1096 1495 1329 1117 1127 1885 1467 1045 1603 1338 1875 1286 1938 1502 1809 1440 1392 1409 1804 1269 1988 1881 1598 1123 1160 1522 1768 1210 1515 1800 1028 1229 1174 1143 1166 1910 1566 1608 1716 1365 1193 1912 1695 1667 1834 1535 1707 1283 1403 1860 1840 1724 1560 1570 1063 1152 1822 1218 1185 1727 1352 1881 1026 1940 1592 2000 1568 1837 1053 1403 1342 1374 1620 1681 1478 1825 1669 1889 1870 1124 1626 1893 1846 1322 1136 BCNSPRNW ULIB Ver.6.0+V

เปลี่ยนเป็นภาษาไทย

Change to English
 แสดงรายละเอียดบรรณานุกรม
  กลับหน้าหลัก

Brief Record : Get Marc (ISO 2709) : E-mail record : QR code < ปิดหน้าต่าง
LEADER : 00000nam 2200000uu 4500
001    13399120859
003     ULIB
008    121019s2550||||th 000 0 tha d
020    ^a9789748818849
050  4 ^aBQ4302^bม862ช 2550
100 0  ^aแม่ชีทศพร เทวาพิทักษ์ธรรม
245 10 ^aชีวิตติดกรรม/^cแม่ชีทศพร เทวาพิทักษ์ธรรม
250    ^aพิมพ์ครั้งที่ 1
260    ^aกรุงเทพฯ :^bสมาร์ท อินเตอร์คอมมิวนิเคชั่น,^c2550
300    ^a170 หน้า^bภาพประกอบ
650  7 ^aกรรม
650  7 ^aธรรมะ
945    ^p160^l0^i14909
995    ^aกัณชพร
999 ^a ใช้งานได้ทุกระบบ
รายการนี้ยังไม่มีแท็ก
คุณยังไม่ได้ล็อกอิน คุณสามารถมีกิจกรรมร่วมกับเว็บไซต์ได้ แต่ต้องล็อกอินก่อน ::
  ล็อกอิน

รายการสื่อสารสนเทศ

ลำดับที่ ประเภท เลขเรียก/บาร์โค้ด สถานที่ สถานะ
1. วิทยาศาสตร์การแพทย์ และสุขภาพ
วิทยาศาสตร์การแพทย์ และสุขภาพ
BQ4302 ม862ช 2550  
  Barcode: 14909
ห้องสมุดวิทยาเขตนครสวรรค์
►ส่วนจัดเก็บหนังสือเก่า นว.
บนชั้น
  ขอยืม

รายการใกล้เคียง
    ผู้แต่ง [แม่ชีทศพร เทวาพิทักษ์ธรรม]

    หัวเรื่อง [กรรม]
    หัวเรื่อง [ธรรมะ]

BibComment


ยังไม่เคยถูกคอมเมนท์

คอมเมนท์ทรัพยากรรายการนี้
  คอมเมนท์: ชีวิตติดกรรม แม่..


 Copyright 2026. Bcnsprnw @Library